Normal view
MARC view
- Ahmed Shabbir Ibrahim Moomin (429897)
Entry Personal Name
001 - CONTROL NUMBER
- control field: 126319
003 - CONTROL NUMBER IDENTIFIER
- control field: NUST
005 - DATE AND TIME OF LATEST TRANSACTION
- control field: 20241008124920.0
008 - FIXED-LENGTH DATA ELEMENTS
- fixed length control field: 241008|| aca||aabn | a|a d
040 ## - CATALOGING SOURCE
- Original cataloging agency: NUST
- Transcribing agency: NUST
100 ## - HEADING--PERSONAL NAME
- Personal name: Ahmed Shabbir Ibrahim Moomin (429897)
670 ## - SOURCE DATA FOUND
- Source citation: Work cat.: (NUST): Ahmed Shabbir Ibrahim Moomin (429897), Evaluation of Techno-Economic Design and Implementation of Solar-Wind Hybrid Microgrid System for National University of Sciences and Technology (NUST), Islamabad /
